El ambiente y el desarrollo rural

Detalles Bibliográficos
Autor principal: Jimňez Ortega, Jorge
Formato: eBook
Lenguaje:español
Publicado: Ciudad de Mx̌ico: Cm̀ara de Diputados, 2007
Materias:
Acceso en línea:Acceso restringido

MARC

LEADER 00000nam a22000007a 4500
005 20180320202340.0
007 cr|||| ||||
008 180320s2007 mx |||||s||||f00||0 spa d
020 |a 970-95143-6-9 
035 |a 21110 
040 |a vLex 
090 |c 7511  |d 7511 
100 1 |a Jimňez Ortega, Jorge 
245 1 2 |a El ambiente y el desarrollo rural  |h [Recurso electrn̤ico] /  |c Jorge Jimňez Ortega 
256 |a Servicio en ln̕ea 
260 |a Ciudad de Mx̌ico:  |b Cm̀ara de Diputados,  |c 2007 
300 |a 1 recurso electrn̤ico 
506 1 |a Disponible solo en los productos indicados  |d vLex Global  |d vLex Global (Academic Edition, excluding Law Schools)  |d vLex Global (U.S. Academic Edition, Law Schools)  |d vLex Global (U.S. Academic Edition, excluding Law Schools)  |d vLex Global (Academic Edition, Law Schools) 
650 0 4 |a Derecho Pb︢lico y Administrativo  |z Mx̌ico 
740 0 |a vLex Libros (Servicio en ln̕ea) 
856 4 0 |u http://vlex.com/source/ambiente-desarrollo-rural-21110  |z Acceso restringido 
942 |c BOOK 
999 0 |a Public and Administrative Law